=LDR 00000nam 2200000 4500 =001 INLIS000000000003607 =005 20130612091917 =008 ***********************************Ind** =035 ##$$0010-061300000003607 =041 ##$$a Ind =082 ##$$a 610.73 =090 ##$$a 610.73, Suw s =100 ##$$a Suwandi, J =245 ##$$a Sejarah perawatan, J. Suwandi =260 ##$$a 1978 $b Jakarta =300 ##$$a 64 hlm., 18 cm =650 ##$$a Perawatan =650 ##$$a Sejarah =850 ##$$a NBPNMAT